Músicas dos Beatles - Morte súbita - Statistics

Estatísticas Gerais
  • Esse quiz foi jogado 254 vezes
  • A pontuação média é 9 de 20
Answers on the Grid
Answers color-coded by a green-red scale on the quiz's grid according to % correct below.
All You Need Is Love
Back in the USA
Blackbird
Colonel Mustard
Come Together
Day Tripper
Dig a Donkey
Don't Let Me Down
Eleanor Rigby
Glass Potato
Help!
Helter Skelter
Here Comes The Sun
Hey Jude
I Am the Eggman
I Want To Hold Your Hand
I Won't
I'm Only Dreaming
Let It Be
Love Me Do
Oh! Honey
Paperback Writer
Penny Lane
Please Please Me
Raspberry Meadows
Revolution
Ride My Bike
Seven Days a Week
She Loves Me
Ticket to Ride
Waterloo Sunset
Yellow Submarine
Yesterday
 
Estatísticas das Respostas
Resposta % Correto
All You Need Is Love
76%
Let It Be
67%
Here Comes The Sun
64%
Hey Jude
61%
Come Together
53%
Don't Let Me Down
52%
Help!
52%
I Want To Hold Your Hand
52%
Blackbird
49%
Eleanor Rigby
48%
Yellow Submarine
46%
Yesterday
46%
Love Me Do
43%
Penny Lane
34%
Helter Skelter
33%
Day Tripper
32%
Please Please Me
29%
Revolution
24%
Ticket to Ride
24%
Paperback Writer
22%
Nenhum quiz correspondente encontrado
Distribuição das Pontuações
Porcentagem de Pessoas com Cada Pontuação
Percentil de Números Respondidos
Sua Pontuação Histórica
Você não jogou esse quiz